| 000 | 00874cam a22002773a 4500 | ||
|---|---|---|---|
| 001 | 20203 | ||
| 003 | PGUSA | ||
| 005 | 20140828083428.0 | ||
| 008 | 061228s2006||||xxu|||||s|||||000 | eng d | ||
| 040 |
_aPGUSA _beng |
||
| 042 | _adc | ||
| 050 | 4 | _aE300 | |
| 100 | 1 |
_aFranklin, Benjamin, _d1706-1790 |
|
| 245 | 1 | 0 |
_aAutobiography of Benjamin Franklin _h[electronic resource] / _cBenjamin Franklin |
| 260 |
_bProject Gutenberg, _c2006 |
||
| 500 | _aSee also PG#148 ed. by Charles W. Eliot | ||
| 506 | _aPublic domain in the USA. | ||
| 516 | _aElectronic text | ||
| 653 | _aStatesmen -- United States -- Biography | ||
| 653 | _aFranklin, Benjamin, 1706-1790 | ||
| 700 | 1 |
_aPine, Frank Woodworth, _d1869- |
|
| 700 | 1 |
_aSmith, E. Boyd _q(Elmer Boyd), _d1860-1943 |
|
| 830 | 0 |
_aProject Gutenberg _v20203 |
|
| 856 | 4 | 0 | _uhttp://www.gutenberg.org/ebooks/20203 |
| 942 | _cEB | ||
| 999 |
_c249458 _d249458 |
||